000 00634nam a22001937a 4500
003 OSt
005 20180518054350.0
008 180221b xxu||||| |||| 00| 0 spa d
040 _cPJ
100 _aSmith, Juan Carlos
_9125
245 1 3 _aLa organización internacional "INTERPOL" y la extraterritorialidad de la ley penal /
_cJuan Carlos Smith.
260 _aLa Plata:
_bLibrería Jurídica,
_c1970.
300 _a125 p.
_c20 cm.
500 _aNotas al pie de página.
610 _aINTERPOL
650 0 _9653
_aDERECHO INTERNACIONAL PENAL
650 0 _9654
_aORGANISMOS INTERNACIONALES
942 _2udc
_cLIB
_h341.456
_iSMI
999 _c512
_d512